000 00500nam a22001697a 4500
005 20251108164305.0
008 250721s1993 xx 000 0 ara d
082 1 4 _a920.7/فاط
100 1 _aالعقاد، عباس محمود
245 1 0 _aفاطمة الزهراء و الفاطميون /
264 1 _aالقاهرة :
_bنهضة مصر للطباعة،
_c1993.
300 _a141 ص
650 1 7 _aالتراجم
650 1 7 _aالفاطميون 909-1171
942 _2ddc
_cBK
999 _c8473
_d8473